Itinerarios de fe y esperanza : la pasión de Jesús vivida desde las mujeres que lo acompañaron /

Reflexiones y relatos espirituales que acompañan la pasión de Jesús desde la mirada de mujeres bíblicas como María, Magdalena, Verónica y Esther. Cada capítulo incluye un itinerario de oración y meditación, destacando su amor, sacrificio y resiliencia frente al dolor.

Gorde:
Xehetasun bibliografikoak
Egile nagusia: Encina Muñoz, María José (autor)
Formatua: Liburua
Hizkuntza:gaztelania
Argitaratua: México : Buena Prensa, 2021, c2021
Gaiak:
Etiketak: Etiketa erantsi
Etiketarik gabe, Izan zaitez lehena erregistro honi etiketa jartzen!

MARC

LEADER 00000nam^a2200000^a^4500
001 000623842
005 20251104000000.0
009 20260310133945.943
020 |a 978-607-8806-36-2 
025 |a Donación sin dato, 1 ejemplar 
037 |a Acervo ITESO - Biblioteca 
041 |a ESP 
082 |a 232. 96  |b ENC 
100 |a Encina Muñoz, María José  |e (autor) 
245 1 0 |a Itinerarios de fe y esperanza :  |b la pasión de Jesús vivida desde las mujeres que lo acompañaron /  |c M.J. Encina Muñoz ; presen. de M. Soledad del Villar. 
264 4 |a México :  |b Buena Prensa,  |c 2021, c2021 
300 |a 100 p. 
336 |a texto  |b txt  |2 rdacontenido 
337 |a sin mediación  |b n  |2 rdamedio 
338 |a volumen  |b nc  |2 rdasoporte 
520 |a Reflexiones y relatos espirituales que acompañan la pasión de Jesús desde la mirada de mujeres bíblicas como María, Magdalena, Verónica y Esther. Cada capítulo incluye un itinerario de oración y meditación, destacando su amor, sacrificio y resiliencia frente al dolor. 
649 |a XX 
650 |a Mujeres en la Biblia -  |x Tema Principal 
650 |a Personajes Bíblicos 
650 |a Mujeres en la Religión 
650 |a Jesucristo -  |x Pasión -  |x Tema Principal 
650 |a Biblia -  |x Nuevo Testamento -  |x Evangelios -  |x Juan -  |x Historia y Crítica -  |x Tema Principal 
650 |a Catolicismo 
650 |a Cristianismo 
650 |a Religión 
910 |a Fondo General 
920 |a Impresos - Libros 
930 |a Colección General 
905 |a 101 
901 |a 624227-10  |b IT1  |c ACC  |i D  |u 20251104 
902 |a https://opac.biblio.iteso.mx/vufind/Record/000623842